000 00337nam a22001457a 4500
003 SGT
082 _a612
_bM14M
100 _aMATHANGI, DAMAL CHANDRASEKHAR
245 _aTHE MIND MAPS IN PHYSIOLOGY
260 _aINDIA
_bELSEVIER
_c2024
300 _a125
650 _aPHYSIOLOGY
653 _a MIND, MAPS , PHYSIOLOGY
942 _2ddc
_cBK
999 _c29175
_d29175